|
|
|
|
| LEADER |
00000nam0a2200000 4500 |
| 001 |
62692 |
| 005 |
20231031063742.0 |
| 010 |
|
|
|a 5060046117
|
| 035 |
|
|
|a (RuTPU)RU\TPU\book\66503
|
| 090 |
|
|
|a 62692
|
| 100 |
|
|
|a 20040416d2003 m y0rusy50 ca
|
| 101 |
0 |
|
|a rus
|
| 102 |
|
|
|a RU
|
| 105 |
|
|
|a a j 001zy
|
| 200 |
1 |
|
|a Интеллектуальные информационные системы
|e учебник для вузов
|f Д. В. Гаскаров
|
| 210 |
|
|
|a Москва
|c Высшая школа
|d 2003
|
| 215 |
|
|
|a 431 с.
|c ил.
|
| 320 |
|
|
|a Библиогр.: с. 424-429.
|
| 610 |
1 |
|
|a кибернетика
|
| 610 |
1 |
|
|a информационно-вычислительные системы
|
| 610 |
1 |
|
|a интеллектуализация
|
| 610 |
1 |
|
|a знания
|
| 610 |
1 |
|
|a формализация
|
| 610 |
1 |
|
|a компьютерная логика
|
| 610 |
1 |
|
|a компьютерная лингвистика
|
| 610 |
1 |
|
|a информация
|
| 610 |
1 |
|
|a восприятие
|
| 610 |
1 |
|
|a обучение
|
| 610 |
1 |
|
|a искусственный интеллект
|
| 610 |
1 |
|
|a экспертные системы
|
| 610 |
1 |
|
|a прогнозирование
|
| 610 |
1 |
|
|a диалоговые системы
|
| 610 |
1 |
|
|a учебники
|
| 675 |
|
|
|a 681.51.015.26(075.8)
|v 3
|
| 700 |
|
1 |
|a Гаскаров
|b Д. В.
|g Диляур Вагизович
|
| 801 |
|
1 |
|a RU
|b 63413507
|c 20040416
|g PSBO
|
| 801 |
|
2 |
|a RU
|b 63413507
|c 20150709
|g PSBO
|
| 900 |
|
|
|a Информационно-измерительные системы
|
| 900 |
|
|
|a Интеллектуальные информационные системы
|
| 900 |
|
|
|a Системы интеллектуального управления
|
| 942 |
|
|
|c BK
|
| 952 |
|
|
|a 510200
|b 030100
|